00519nam a2200097Ia 45000010005000000080041000050820025000461000093000712450116001642600141002802896241024s9999 xx 000 0 und d aRD//370.7/R426t/2013 aRepública Dominicana. Ministerio de Educación.Dirección de Evaluación de Calidad 0aTercer Estudio Regional Comparativo y explicativo (TERCE). Manual de Orientación para las Escuelas y Docentes bDirección de Evaluación de la Calidad. Instituto Dominicano de Evaluación e Investigación de la Calidad Educativa (IDEICE)c2013